Biografía de Don Luis Barros Borgoño

Сохранить в:
Библиографические подробности
Главный автор: Vergara Robles, Enrique (Автор)
Формат:
Язык:испанский
Опубликовано: Santiago Instituto Geográfico Militar 1948
Предметы:
Метки: Добавить метку
Нет меток, Требуется 1-ая метка записи!

MARC

LEADER 00000nam a2200000 a 4500
001 UCO2517
003 CL-VaPUC
008 000608e19480000CL |||||||||||||||||spa|d
082 0 4 |a 923.1  |b VER  |2 21 
100 0 |a Vergara Robles, Enrique  |e author  |9 445795 
245 1 0 |a Biografía de Don Luis Barros Borgoño 
300 |a 209 p 
942 |c BK 
945 |d 20000608 00:00:00  |a crobeson 
260 |a Santiago  |b Instituto Geográfico Militar  |c 1948 
600 0 7 |a BARROS BORGOÑO, LUIS  |2 CL-VaPUC  |9 438232 
650 0 |a Biografías  |9 255210 
650 0 |a Presidentes  |9 255176 
651 7 |a CHILE  |2 CL-VaPUC  |9 445796 
583 |a last modification  |c 20000608 00:00:00  |k Rodrigo Vera 
999 |c 289023  |d 289021 
952 |0 0  |1 0  |4 0  |6 923_100000000000000_VER_1948  |7 0  |8 X  |9 337126  |a BIBHIS  |b BIBHIS  |d 2019-11-20  |i 1292129  |o 923.1 VER 1948  |p 1292129  |r 2024-01-30  |w 2019-11-20  |y BK_X  |k HIS